<?xml version="1.0" encoding="UTF-8"?>
<record
    xmlns:xsi="http://www.w3.org/2001/XMLSchema-instance"
    xsi:schemaLocation="http://www.loc.gov/MARC21/slim http://www.loc.gov/standards/marcxml/schema/MARC21slim.xsd"
    xmlns="http://www.loc.gov/MARC21/slim">

  <leader>00955cam a22002294a 4500</leader>
  <controlfield tag="008">020417s2001    su     g      000 0 ara d</controlfield>
  <datafield tag="082" ind1="0" ind2="4">
    <subfield code="a">301.427 </subfield>
    <subfield code="2"> 21</subfield>
    <subfield code="b">&#x63A; &#x631; &#x627;</subfield>
  </datafield>
  <datafield tag="100" ind1="1" ind2=" ">
    <subfield code="a">&#x63A;&#x631;&#x627;&#x64A;&#x60C; &#x62C;&#x648;&#x646;.</subfield>
    <subfield code="9">33085</subfield>
  </datafield>
  <datafield tag="245" ind1=" " ind2="1">
    <subfield code="a">&#x627;&#x644;&#x631;&#x62C;&#x627;&#x644; &#x645;&#x646; &#x627;&#x644;&#x645;&#x631;&#x64A;&#x62E;&#x60C; &#x627;&#x644;&#x646;&#x633;&#x627;&#x621; &#x645;&#x646; &#x627;&#x644;&#x632;&#x647;&#x631;&#x629; :</subfield>
    <subfield code="b"> &#x62F;&#x644;&#x64A;&#x644; &#x639;&#x645;&#x644;&#x64A; &#x644;&#x62A;&#x62D;&#x633;&#x64A;&#x646; &#x627;&#x644;&#x627;&#x62A;&#x635;&#x627;&#x644; &#x648; &#x627;&#x644;&#x62D;&#x635;&#x648;&#x644; &#x639;&#x644;&#x649; &#x645;&#x627; &#x62A;&#x631;&#x63A;&#x628; &#x641;&#x64A; &#x639;&#x644;&#x627;&#x642;&#x627;&#x62A;&#x643; /</subfield>
    <subfield code="c"> &#x62C;&#x648;&#x646; &#x63A;&#x631;&#x627;&#x64A; &#x61B; &#x62A;&#x631;&#x62C;&#x645;&#x629; &#x62D;&#x645;&#x648;&#x62F; &#x627;&#x644;&#x634;&#x631;&#x64A;&#x641;.</subfield>
  </datafield>
  <datafield tag="246" ind1="3" ind2="4">
    <subfield code="a">Men are from mars women are from venus</subfield>
  </datafield>
  <datafield tag="250" ind1=" " ind2=" ">
    <subfield code="a">&#x637;. 2.</subfield>
  </datafield>
  <datafield tag="260" ind1=" " ind2=" ">
    <subfield code="a">&#x627;&#x644;&#x631;&#x64A;&#x627;&#x636; :</subfield>
    <subfield code="b"> &#x645;&#x643;&#x62A;&#x628;&#x629; &#x62C;&#x631;&#x64A;&#x631;&#x60C;</subfield>
    <subfield code="c">2007.</subfield>
  </datafield>
  <datafield tag="300" ind1=" " ind2=" ">
    <subfield code="a">402 &#x635;. &#x61B;</subfield>
    <subfield code="c"> 21 &#x633;&#x645;.</subfield>
  </datafield>
  <datafield tag="500" ind1=" " ind2=" ">
    <subfield code="a">&#x637;. 1.</subfield>
  </datafield>
  <datafield tag="650" ind1="1" ind2="4">
    <subfield code="a">&#x627;&#x644;&#x632;&#x648;&#x627;&#x62C;.</subfield>
    <subfield code="9">33086</subfield>
  </datafield>
  <datafield tag="650" ind1="1" ind2="4">
    <subfield code="a">&#x627;&#x644;&#x646;&#x62C;&#x627;&#x62D; &#x627;&#x644;&#x634;&#x62E;&#x635;&#x64A;.</subfield>
    <subfield code="9">23916</subfield>
  </datafield>
  <datafield tag="650" ind1="1" ind2="4">
    <subfield code="a">&#x627;&#x644;&#x639;&#x644;&#x627;&#x642;&#x627;&#x62A; &#x627;&#x644;&#x623;&#x633;&#x631;&#x64A;&#x629;.</subfield>
    <subfield code="9">17077</subfield>
  </datafield>
  <datafield tag="650" ind1="1" ind2="4">
    <subfield code="a">&#x627;&#x644;&#x645;&#x634;&#x627;&#x643;&#x644; &#x627;&#x644;&#x627;&#x62C;&#x62A;&#x645;&#x627;&#x639;&#x64A;&#x629;.</subfield>
    <subfield code="9">33087</subfield>
  </datafield>
  <datafield tag="653" ind1=" " ind2=" ">
    <subfield code="b">Ara</subfield>
    <subfield code="c">April2013</subfield>
  </datafield>
  <datafield tag="700" ind1=" " ind2="1">
    <subfield code="a">&#x627;&#x644;&#x634;&#x631;&#x64A;&#x641;&#x60C; &#x62D;&#x645;&#x648;&#x62F; </subfield>
    <subfield code="e"> &#x645;&#x62A;&#x631;&#x62C;&#x645;.</subfield>
    <subfield code="9">33088</subfield>
  </datafield>
  <datafield tag="942" ind1=" " ind2=" ">
    <subfield code="2">ddc</subfield>
    <subfield code="c">BB</subfield>
  </datafield>
  <datafield tag="999" ind1=" " ind2=" ">
    <subfield code="c">17435</subfield>
    <subfield code="d">17407</subfield>
  </datafield>
  <datafield tag="952" ind1=" " ind2=" ">
    <subfield code="0">0</subfield>
    <subfield code="1">0</subfield>
    <subfield code="2">ddc</subfield>
    <subfield code="4">0</subfield>
    <subfield code="7">0</subfield>
    <subfield code="8">sorazbk</subfield>
    <subfield code="a">MAIN</subfield>
    <subfield code="b">MAIN</subfield>
    <subfield code="c">1ST</subfield>
    <subfield code="d">2013-04-09</subfield>
    <subfield code="e">purchase</subfield>
    <subfield code="g">15.00</subfield>
    <subfield code="o">301.427  &#x63A; &#x631; &#x627;</subfield>
    <subfield code="p">000028680</subfield>
    <subfield code="r">2025-07-15 00:00:00</subfield>
    <subfield code="s">2022-03-27</subfield>
    <subfield code="v">19.00</subfield>
    <subfield code="y">BB</subfield>
  </datafield>
</record>
